000
00231nam a22000977a 4500
999
_c
16178
_d
16178
003
OSt
008
200616b ||||| |||| 00| 0 eng d
100
_a
John Ruskin
_9
4597
245
_a
Time and tide by Weare and Tyne Book
942
_c
BK